| 000 -LEADER |
| fixed length control field |
00364cam a22001217a 4500 |
| 008 - FIXED-LENGTH DATA ELEMENTS--GENERAL INFORMATION |
| fixed length control field |
180718b1979 xxu||||| |||| 00| 0 eng d |
| 082 ## - DEWEY DECIMAL CLASSIFICATION NUMBER |
| Classification number |
B19x5421 V215 |
| 100 ## - MAIN ENTRY--PERSONAL NAME |
| Personal name |
Vajpeyi, Dhirendra K. |
| 245 ## - TITLE STATEMENT |
| Title |
Modernization and social change in India |
| Statement of responsibility, etc. |
by Dhirendra K. Vajpeyi |
| 260 ## - PUBLICATION, DISTRIBUTION, ETC. |
| Place of publication, distribution, etc. |
New Delhi |
| Name of publisher, distributor, etc. |
Mahohar |
| Date of publication, distribution, etc. |
1979 |
| 300 ## - PHYSICAL DESCRIPTION |
| Extent |
299p. |
| 650 ## - SUBJECT ADDED ENTRY--TOPICAL TERM |
| Topical term or geographic name entry element |
U.P. - Social conditions. |